00639nam a2200205Ia 4500003000900000008004100009040001300050040001300063041000800076100001800084245006000102250001100162260001400173260000900187300000800196490000600204942000700210999001700217952019900234IT-RoPAU120407s9999 xx 000 0 und d aIT-RoPAU cIT-RoPAU aita aAda Ruschioni aLineamenti di una storia della poesia e dell’estetica aMilano aMarzorati c1966 c cm v1 cBK c13795d13795 00102ddc406850_32000000000000071aPAULUSbPAULUSd2012-04-11l0o850.32r2012-04-11 00:00:00w2012-04-11yBKzInserito da: Mario In data: 02 settembre 2011 fondo: Via A.Severo 56 Progr:24711